000 00454nam a2200181Ia 4500
001 8436
005 20260306160609.0
008 260306t2008||||xx |||||||||||||| ||spa||
041 _aESP
082 _a371.001
_bE26
100 _aGimeno Sacristán, José (comp.)
_eAUT
245 0 _aEducar por competencias, ¿qué hay de nuevo?
260 _c2008
300 _a233 páginas :
_c24 cm.
650 _aGEN
654 _aCED
942 _cLIB
_dJUS
_fJUS
_2ddc
_n
999 _c8436
_d8436